Animaux Zoo Français À Espagnol - Statistiques

Statistiques générales
  • Ce quiz a été pris 108 fois
  • Le résultat moyen est 7 sur 15
Statistiques - réponses
Hint Réponse % Correct
Éléphant Elefante
88%
Lion Leon
78%
Tigre Tigre
75%
Panda Panda
66%
Girafe Jirafa
61%
Singe Mono
52%
Léopard Leopardo
48%
Zèbre Cebra
40%
Hippopotame Hipopotamo
39%
Chameau Camello
34%
Crocodile Cocodrilo
30%
Koala Coala
19%
Kangourou Canguro
13%
Rhinocéros Rinoceronte
10%
Dromadaire Dromedario
9%
Aucun quiz correspondant
Distribution des résultats
% des personnes avec chaque résultat
Percentile par nombre de réponses
Votre historique - résultats
Vous n’avez pas pris ce quiz